Methods in Social Research / (Record no. 8760)
[ view plain ]
| 000 -LEADER | |
|---|---|
| fixed length control field | 00955nam a2200349Ia 4500 |
| 001 - CONTROL NUMBER | |
| control field | 8773 |
| 005 - DATE AND TIME OF LATEST TRANSACTION | |
| control field | 20240113234132.0 |
| 007 - PHYSICAL DESCRIPTION FIXED FIELD--GENERAL INFORMATION | |
| fixed length control field | ta |
| 008 - FIXED-LENGTH DATA ELEMENTS--GENERAL INFORMATION | |
| fixed length control field | 050721s1981 a g b000 u eng u |
| 020 ## - INTERNATIONAL STANDARD BOOK NUMBER | |
| International Standard Book Number | 0-07-Y85260-X |
| 040 ## - CATALOGING SOURCE | |
| Original cataloging agency | Cotton College Assam |
| 041 ## - LANGUAGE CODE | |
| Language code of text/sound track or separate title | eng |
| 082 ## - DEWEY DECIMAL CLASSIFICATION NUMBER | |
| Classification number | 300.0142 |
| Item number | Go 59 Me |
| 082 ## - DEWEY DECIMAL CLASSIFICATION NUMBER | |
| Classification number | 572.301 |
| Item number | Go 613 Me |
| 100 ## - MAIN ENTRY--PERSONAL NAME | |
| Personal name | Goode, William J.. |
| 245 #0 - TITLE STATEMENT | |
| Title | Methods in Social Research / |
| Statement of responsibility, etc. | William J.Goode & Paul K. Hatt. |
| Medium | Textual Documents |
| 250 ## - EDITION STATEMENT | |
| Edition statement | 1st ed / |
| 260 ## - PUBLICATION, DISTRIBUTION, ETC. | |
| Place of publication, distribution, etc. | New York : |
| Name of publisher, distributor, etc. | McGraw - Hill book company , |
| Date of publication, distribution, etc. | 1981. |
| 300 ## - PHYSICAL DESCRIPTION | |
| Extent | vii,386p. : |
| Other physical details | ill. ; |
| Dimensions | 21cm. . |
| 504 ## - BIBLIOGRAPHY, ETC. NOTE | |
| Bibliography, etc. note | Index |
| 653 ## - INDEX TERM--UNCONTROLLED | |
| Uncontrolled term | Anthropology |
| 653 ## - INDEX TERM--UNCONTROLLED | |
| Uncontrolled term | Social Research |
| 653 ## - INDEX TERM--UNCONTROLLED | |
| Uncontrolled term | Research Methodology-Social Science |
| 653 ## - INDEX TERM--UNCONTROLLED | |
| Uncontrolled term | G-Computer Science |
| 653 ## - INDEX TERM--UNCONTROLLED | |
| Uncontrolled term | G-Social Sciences |
| 700 ## - ADDED ENTRY--PERSONAL NAME | |
| Personal name | Hatt, Paul K. . |
| 942 ## - ADDED ENTRY ELEMENTS (KOHA) | |
| Source of classification or shelving scheme | Dewey Decimal Classification |
| Koha item type | Books |
| Withdrawn status | Lost status | Damaged status | Not for loan | Collection | Home library | Current library | Date acquired | Coded location qualifier | Total checkouts | Full call number | Barcode | Date last seen | Copy number | Price effective from | Koha item type |
|---|---|---|---|---|---|---|---|---|---|---|---|---|---|---|---|
| Dr. Suryya Kumar Bhuyan Library | Dr. Suryya Kumar Bhuyan Library | 01/02/2012 | 00000 | 300.0142 Go 59 Me | 89085 | 13/01/2024 | 3 | 01/02/2012 | Books | ||||||
| Dr. Suryya Kumar Bhuyan Library | Dr. Suryya Kumar Bhuyan Library | 01/02/2012 | 00000 | 300.0142 Go 59 Me | 224/Geo | 13/01/2024 | 2 | 01/02/2012 | Books | ||||||
| Dr. Suryya Kumar Bhuyan Library | Dr. Suryya Kumar Bhuyan Library | 01/02/2012 | 00000 | 300.0142 Go 59 Me | 86167 | 13/01/2024 | 1 | 01/02/2012 | Books |
